The Australian economy /
This book is about: The Australian economy after the "Asian crisis"; Economic growth; Inflation in Australia; ...
Gardado en:
| Formato: | Libro |
|---|---|
| Idioma: | English |
| Publicado: |
St. Leonards, N.S.W. :
Allen and Unwin,
1999.
|
| Edición: | 3rd ed. |
| Những chủ đề: | |
| Các nhãn: |
Engadir etiqueta
Sen Etiquetas, Sexa o primeiro en etiquetar este rexistro!
|
| Thư viện lưu trữ: | Mạng thư viện Đại học Đà Nẵng |
|---|
| LEADER | 01066cam a2200373 i 4500 | ||
|---|---|---|---|
| 001 | 000048501 | ||
| 003 | 8220 | ||
| 005 | 20030312134205.0 | ||
| 008 | 010315|1999 vm 000 eng | ||
| 020 | |a 1864487836 | ||
| 040 | |a IRC |c IRC |d IRC | ||
| 041 | 0 | |a eng | |
| 082 | 1 | 4 | |a 330.99421 |b Au-E |
| 245 | 0 | 4 | |a The Australian economy / |c Edited by Peter Kriesler. |
| 250 | |a 3rd ed. | ||
| 260 | |a St. Leonards, N.S.W. : |b Allen and Unwin, |c 1999. | ||
| 300 | |a 272 p. ; |c 21.5cm. | ||
| 520 | 3 | |a This book is about: The Australian economy after the "Asian crisis"; Economic growth; Inflation in Australia; ... | |
| 630 | 0 | 4 | |a Australia. |
| 630 | 0 | 4 | |a Economics. |
| 630 | 0 | 4 | |a Policy. |
| 650 | 0 | 4 | |a Monetary policy |z Australia. |
| 650 | 0 | 4 | |a Australia |b Economic conditions |y 1945- |
| 650 | 0 | 4 | |a Australia |b Economic policy. |
| OWN | |a DUT | ||
| 999 | |a From the UDN01 | ||
| TYP | |a Monograph | ||
| TYP | |a Printed language | ||
| 980 | |a Mạng thư viện Đại học Đà Nẵng | ||


